Učebnicové znalosti nestačí. Přechod k tržní ekonomice.
Uvedenie okolností, ktoré treba zohľadňovať pri úvahách o prechode k trhu. Podľa názoru autora sa podniky musia tlačiť k samofinancovaniu pri súčasnej demonopolizácii výroby, zavádzať racionálne ceny, vystavovať ekonomiku tlaku svetového trhu, regulovať mzdy a privatizáciu uskutočňovať postupne.
Guardado en:
| Autor principal: | |
|---|---|
| Formato: | Capítulo de libro |
| Lenguaje: | checo |
| Materias: | |
| Etiquetas: |
Sin Etiquetas, Sea el primero en etiquetar este registro!
|
MARC
| LEADER | 00000naa a2200000 4500 | ||
|---|---|---|---|
| 001 | r001307 | ||
| 005 | 20220819175944.6 | ||
| 041 | 0 | |a cze | |
| 044 | |a [CS] | ||
| 245 | 1 | 0 | |a Učebnicové znalosti nestačí. |b Přechod k tržní ekonomice. |c J. Adam |
| 520 | |a Uvedenie okolností, ktoré treba zohľadňovať pri úvahách o prechode k trhu. Podľa názoru autora sa podniky musia tlačiť k samofinancovaniu pri súčasnej demonopolizácii výroby, zavádzať racionálne ceny, vystavovať ekonomiku tlaku svetového trhu, regulovať mzdy a privatizáciu uskutočňovať postupne. | ||
| 610 | 2 | 0 | |a hospodárstvo trhové |
| 610 | 2 | 0 | |a samofinancovanie |
| 610 | 2 | 0 | |a demonopolizácia |
| 610 | 2 | 0 | |a privatizácia |
| 610 | 2 | 0 | |a ČSFR |
| 100 | 1 | |a Adam, J. | |